[Event "4NCL 3 South pool A"]
[Site "Telford, ENG"]
[Date "2016.03.19"]
[Round "7.55"]
[White "Brackmann, Hendrik"]
[Black "Brown, Thomas"]
[Result "1/2-1/2"]
[WhiteElo "2049"]
[BlackElo "2093"]
[PlyCount "64"]
[EventDate "2016.03.19"]

1. e4 c6 2. d4 d5 3. e5 Bf5 4. Nf3 e6 5. Be2 Ne7 6. O-O Nd7 7. Nbd2 h6 8. Nb3
Bh7 9. a4 Ng6 10. a5 Be7 11. c4 O-O 12. a6 b6 13. cxd5 cxd5 14. Be3 Rc8 15. Rc1
Nb8 16. Bb5 Rxc1 17. Qxc1 Qc8 18. Qxc8 Rxc8 19. Rc1 Rxc1+ 20. Nxc1 Nh4 21. Nxh4
Bxh4 22. Bd2 Be7 23. Kf1 g5 24. Ke2 Kg7 25. Kd1 Bg6 26. Na2 f6 27. f4 g4 28.
Nc3 Kf8 29. Na4 Be8 30. Bxe8 Kxe8 31. Nxb6 Kd8 32. Na4 Nxa6 1/2-1/2

[Event "4NCL 3 South pool A"]
[Site "Telford, ENG"]
[Date "2016.03.19"]
[Round "7.56"]
[White "Hewitt, William"]
[Black "Foster, Timothy"]
[Result "1/2-1/2"]
[WhiteElo "2033"]
[BlackElo "1967"]
[PlyCount "45"]
[EventDate "2016.03.19"]

1. e4 c5 2. Nf3 d6 3. d4 cxd4 4. Nxd4 Nf6 5. Nc3 g6 6. Be3 Bg7 7. f3 Nc6 8. Qd2
O-O 9. Bc4 Bd7 10. O-O-O Rc8 11. Bb3 Nxd4 12. Bxd4 b5 13. Nd5 Nxd5 14. Bxg7
Kxg7 15. Bxd5 Qb6 16. a3 a5 17. Qd4+ Qxd4 18. Rxd4 Rc5 19. Kd2 Rb8 20. c3 Rb6
21. Rc1 Rc8 22. b4 axb4 23. cxb4 1/2-1/2

[Event "4NCL 3 South pool A"]
[Site "Telford, ENG"]
[Date "2016.03.19"]
[Round "7.57"]
[White "Idle, Oscar"]
[Black "Trevelyan, John"]
[Result "1-0"]
[WhiteElo "1840"]
[BlackElo "2074"]
[PlyCount "99"]
[EventDate "2016.03.19"]

1. d4 d6 2. Nf3 Bg4 3. c4 Nd7 4. Bf4 g6 5. h3 Bxf3 6. exf3 Bg7 7. Nc3 e5 8.
dxe5 Bxe5 9. Qe2 Ne7 10. Bd2 O-O 11. f4 Bg7 12. Qf3 Nc6 13. O-O-O Nc5 14. h4
Nd4 15. Qh3 Qf6 16. g4 Rae8 17. Be3 Nde6 18. f5 gxf5 19. gxf5 Nd8 20. Bg5 Qe5
21. f4 Qe3+ 22. Qxe3 Rxe3 23. f6 h6 24. fxg7 Kxg7 25. Bxd8 Rxd8 26. Rg1+ Kf8
27. Nd5 Re4 28. f5 Rxh4 29. f6 Nd7 30. Bd3 c6 31. Bh7 Nxf6 32. Nxf6 Rxc4+ 33.
Kb1 Ke7 34. Rgf1 d5 35. Rde1+ Kd6 36. b3 Rb4 37. Ne8+ Kc5 38. Rxf7 a5 39. Nc7
Rh8 40. Ne6+ Kd6 41. Ng7 a4 42. Nf5+ Kc5 43. Rc1+ Kb6 44. Nd6 Rb8 45. Bf5 axb3
46. Nc8+ Ka5 47. a3 Rf4 48. Rc5+ Ka4 49. Nb6+ Kxa3 50. Ra5+ 1-0

[Event "4NCL 3 South pool A"]
[Site "Telford, ENG"]
[Date "2016.03.19"]
[Round "7.58"]
[White "Heaven, Peter"]
[Black "Neatherway, A Philip"]
[Result "1-0"]
[WhiteElo "2033"]
[BlackElo "1822"]
[PlyCount "57"]
[EventDate "2016.03.19"]

1. e4 d5 2. exd5 Qxd5 3. Nc3 Qd6 4. d4 Nf6 5. Nge2 a6 6. Bf4 Qd8 7. g3 Bg4 8.
Bg2 e6 9. Bxb7 Ra7 10. Bg2 Bd6 11. Qd2 O-O 12. O-O Nbd7 13. f3 Bh5 14. Ne4 Nxe4
15. fxe4 Bxe2 16. Qxe2 e5 17. Be3 Ra8 18. c3 a5 19. Bh3 Re8 20. Qf3 Qe7 21.
Rae1 Rab8 22. Re2 Nf8 23. d5 Bc5 24. Ref2 f6 25. Rd1 a4 26. Rfd2 Red8 27. Qf2
Bxe3 28. Qxe3 Rd6 29. Qa7 1-0

[Event "4NCL 3 South pool A"]
[Site "Telford, ENG"]
[Date "2016.03.19"]
[Round "7.59"]
[White "Rowan, Daniel"]
[Black "Van Kemenade, Rudy"]
[Result "0-1"]
[WhiteElo "1877"]
[BlackElo "1968"]
[PlyCount "84"]
[EventDate "2016.03.19"]
[WhiteTeam "Oxford 2"]
[BlackTeam "Rhyfelwyr Essyllwg"]

1. d4 d6 2. c4 f5 3. g3 Nf6 4. Bg2 g6 5. Qb3 c6 6. Nf3 Bg7 7. O-O O-O 8. c5+
Kh8 9. cxd6 exd6 10. Nc3 d5 11. Bf4 Ne4 12. Be5 Bxe5 13. Nxe5 Nd2 14. Qc2 Nxf1
15. Rxf1 f4 16. gxf4 Rxf4 17. e3 Rf8 18. Ne2 Bf5 19. Qd2 Nd7 20. f4 Nf6 21. Ng3
Be6 22. h4 Ng4 23. h5 Qh4 24. Rf3 Nxe5 25. dxe5 Bg4 26. Qf2 Bxf3 27. Bxf3 gxh5
28. Nxh5 Rg8+ 29. Kf1 Qh3+ 30. Ke2 Qf5 31. Nf6 Qc2+ 32. Ke1 Qxf2+ 33. Kxf2 Rg6
34. e4 Rxf6 35. exf6 dxe4 36. Bxe4 Rf8 37. Kg3 Rxf6 38. f5 Kg7 39. Kf4 h5 40.
Kg5 Rh6 41. b4 h4 42. f6+ Rxf6 0-1

[Event "4NCL 3 South pool A"]
[Site "Telford, ENG"]
[Date "2016.03.19"]
[Round "7.60"]
[White "Hatchett, Paul"]
[Black "Cole, Graham"]
[Result "1/2-1/2"]
[WhiteElo "1987"]
[BlackElo "1809"]
[PlyCount "73"]
[EventDate "2016.03.19"]

1. d4 Nf6 2. Nf3 g6 3. g3 Bg7 4. Bg2 O-O 5. O-O d6 6. a4 Nbd7 7. a5 a6 8. c4 e5
9. e3 Rb8 10. Nc3 Re8 11. b3 exd4 12. exd4 Nf8 13. Ra2 Bf5 14. h3 Ne4 15. Ne2
h5 16. Nh4 Bd7 17. Qd3 Nf6 18. f4 N6h7 19. f5 g5 20. Nf3 g4 21. hxg4 hxg4 22.
Nh2 Nf6 23. Nc3 N8h7 24. b4 Qe7 25. Re2 Qf8 26. Rxe8 Qxe8 27. Bd2 Bc6 28. Re1
Qf8 29. d5 Bd7 30. Nd1 Re8 31. Nf2 Rxe1+ 32. Bxe1 Qe7 33. Bc3 b5 34. axb6 cxb6
35. Nhxg4 Nxg4 36. Nxg4 Qg5 37. Bxg7 1/2-1/2

[Event "4NCL 3 South pool A"]
[Site "Telford, ENG"]
[Date "2016.03.19"]
[Round "7.66"]
[White "Meszaros, Gyula"]
[Black "Stewart, Joseph J"]
[Result "1-0"]
[WhiteElo "2270"]
[BlackElo "2174"]
[PlyCount "111"]
[EventDate "2016.03.19"]

1. d4 d5 2. Nc3 Nf6 3. Bg5 e6 4. e4 dxe4 5. Nxe4 Nbd7 6. Nf3 Be7 7. Nxf6+ Bxf6
8. h4 Qe7 9. Qd2 O-O 10. O-O-O Rd8 11. Bd3 Nf8 12. Ne5 Ng6 13. Qe3 Bd7 14. Ng4
h5 15. Nxf6+ gxf6 16. Bh6 Bc6 17. Rhg1 f5 18. f3 Qf6 19. g4 hxg4 20. fxg4 f4
21. Qh3 Qxh4 22. Qxh4 Nxh4 23. Bxf4 Ng6 24. Bxg6 fxg6 25. Bxc7 Rd7 26. Be5 Rf8
27. Rd2 Bd5 28. b3 b5 29. Kb2 Rf3 30. Rh2 Kf8 31. Rh8+ Ke7 32. Rgh1 Rf7 33.
R1h6 Be4 34. Rb8 Rb7 35. Rxb7+ Bxb7 36. Rxg6 Be4 37. Rg7 Rxg7 38. Bxg7 Kf7 39.
Be5 Kg6 40. Bf4 Bf3 41. g5 Kf5 42. Bd2 Be4 43. c4 bxc4 44. bxc4 Bd3 45. Kc3 Bb1
46. a3 a5 47. Kb3 Bd3 48. a4 Be2 49. Bxa5 Kxg5 50. Bd8+ Kf5 51. a5 Bf3 52. a6
Ba8 53. Kb4 e5 54. d5 e4 55. Kc5 e3 56. Ba5 1-0

[Event "4NCL 3 South pool A"]
[Site "Telford, ENG"]
[Date "2016.03.19"]
[Round "7.67"]
[White "Ivekovic, Tihana"]
[Black "Sygnowski, Tomasz"]
[Result "1-0"]
[WhiteElo "2120"]
[BlackElo "2275"]
[PlyCount "147"]
[EventDate "2016.03.19"]

1. d4 Nf6 2. c4 g6 3. Nc3 Bg7 4. e4 d6 5. Nf3 O-O 6. Be2 Bg4 7. Be3 Nbd7 8. O-O
Re8 9. Nd2 Bxe2 10. Qxe2 c5 11. d5 a6 12. h3 e6 13. a4 Qa5 14. Bf4 Qc7 15. a5
Rac8 16. Ra4 Rb8 17. Nf3 exd5 18. cxd5 Nh5 19. Be3 Ne5 20. Nd2 Qc8 21. Nc4 Nxc4
22. Rxc4 b5 23. axb6 Rxb6 24. Na4 Rb3 25. Qc2 Qb8 26. Ra1 Nf6 27. Bf4 Rb7 28.
Rb1 Nh5 29. Bh2 Be5 30. Bxe5 Rxe5 31. Nc3 Nf6 32. Ra4 Rb4 33. f3 Qb6 34. Kh2
Nh5 35. Rxb4 cxb4 36. Nd1 f5 37. Rc1 Nf6 38. exf5 Qd4 39. fxg6 Re1 40. gxh7+
Kh8 41. Qf5 Qe5+ 42. Qxe5 Rxe5 43. Rc6 Rxd5 44. Ne3 Rd3 45. Nf5 a5 46. Nxd6 Nd5
47. Ne4 Kxh7 48. Ra6 Rb3 49. Rxa5 Ne3 50. Ra2 Nc4 51. Nc5 Rxb2 52. Rxb2 Nxb2
53. Kg3 Nc4 54. Nb3 Kg6 55. Kf4 Kh5 56. g4+ Kh4 57. g5 Kh5 58. Kf5 Ne3+ 59. Kf6
Nd5+ 60. Ke5 Ne7 61. f4 Ng6+ 62. Ke4 Ne7 63. Nd4 Ng6 64. f5 Nf8 65. Kf4 Nd7 66.
Nb3 Nb6 67. f6 Kg6 68. h4 Nd7 69. Ke4 Nf8 70. Ke5 Nd7+ 71. Ke6 Nf8+ 72. Ke7 Nh7
73. f7 Kg7 74. h5 1-0

[Event "4NCL 3 South pool A"]
[Site "Telford, ENG"]
[Date "2016.03.19"]
[Round "7.69"]
[White "Spencer, Douglas"]
[Black "Green, Michael"]
[Result "1/2-1/2"]
[WhiteElo "1997"]
[BlackElo "2027"]
[PlyCount "137"]
[EventDate "2016.03.19"]

1. d4 Nf6 2. Nf3 c5 3. c3 b6 4. Bf4 g6 5. e3 Bg7 6. Bd3 O-O 7. O-O d6 8. Re1
Bb7 9. Nbd2 Nbd7 10. Bg3 a6 11. a4 Rc8 12. Qe2 Nb8 13. e4 cxd4 14. Nxd4 Nfd7
15. N2f3 Nc5 16. Bc2 e5 17. Nb3 Nc6 18. Nxc5 dxc5 19. Bd3 a5 20. Rad1 Qc7 21.
Bh4 h6 22. Bc4 Ne7 23. Qc2 g5 24. Bg3 Ng6 25. Nd2 Rfd8 26. Nf1 Nf4 27. Ne3 Rxd1
28. Rxd1 Bc6 29. f3 Rd8 30. Nf5 Bf8 31. Ne3 Rd7 32. Kf2 Qd8 33. b3 Bg7 34. Rxd7
Qxd7 35. Qd1 Qxd1 36. Nxd1 Ng6 37. Nb2 Nf8 38. Ba6 h5 39. Ke2 Bd7 40. Nc4 Be6
41. Nxb6 Bxb3 42. Bc4 Nd7 43. Nxd7 Bxc4+ 44. Ke3 f6 45. Nxc5 Bf8 46. Nb7 Bb3
47. Kd3 Kf7 48. Bf2 Bxa4 49. Nxa5 Ke6 50. Nb7 Bb5+ 51. c4 Ba6 52. Na5 Bb4 53.
Nc6 Bd6 54. Kc3 Kd7 55. Na5 Bc7 56. Nb3 Kc6 57. Bc5 Bd8 58. Kb4 Bc8 59. Bf8 g4
60. Nd2 f5 61. c5 gxf3 62. gxf3 Bg5 63. Nc4 fxe4 64. fxe4 Bf4 65. h4 Bg4 66.
Bd6 Bg3 67. Be7 Bf3 68. Na5+ Kd7 69. Bg5 1/2-1/2

[Event "4NCL 3 South pool A"]
[Site "Telford, ENG"]
[Date "2016.03.19"]
[Round "7.70"]
[White "Grinsell, Lee A"]
[Black "Bullen, Alex"]
[Result "1/2-1/2"]
[WhiteElo "2087"]
[BlackElo "2016"]
[PlyCount "39"]
[EventDate "2016.03.19"]

1. e4 c6 2. d4 d5 3. Nc3 dxe4 4. Nxe4 Bf5 5. Ng3 Bg6 6. Nf3 Nd7 7. Bd3 Bxd3 8.
Qxd3 e6 9. O-O Ngf6 10. Re1 Be7 11. Qe2 O-O 12. a3 Re8 13. Ne5 Bd6 14. Bg5 Qc7
15. Rad1 h6 16. Bc1 Rad8 17. Rd3 c5 18. Nxd7 Rxd7 19. Rf3 Qd8 20. dxc5 1/2-1/2

[Event "4NCL 3 South pool A"]
[Site "Telford, ENG"]
[Date "2016.03.19"]
[Round "7.75"]
[White "Byron, Alan M"]
[Black "Wallis, Ian J"]
[Result "1/2-1/2"]
[WhiteElo "2118"]
[BlackElo "2125"]
[PlyCount "54"]
[EventDate "2016.03.19"]

1. e4 e5 2. Nf3 Nc6 3. Bb5 a6 4. Ba4 Nf6 5. O-O Be7 6. Re1 b5 7. Bb3 d6 8. c3
O-O 9. h3 Bb7 10. d4 Re8 11. Nbd2 Bf8 12. d5 Ne7 13. Nf1 Ng6 14. a4 h6 15. c4
bxc4 16. Bxc4 c6 17. dxc6 Bxc6 18. Ng3 d5 19. exd5 Bxd5 20. Bxd5 Qxd5 21. Be3
Bb4 22. Qxd5 Nxd5 23. Bd2 Rab8 24. Rad1 Nf6 25. Nf5 e4 26. N3d4 Ne5 27. Bc3 Nd3
1/2-1/2

[Event "4NCL 3 South pool A"]
[Site "Telford, ENG"]
[Date "2016.03.19"]
[Round "7.76"]
[White "Fogg, Martin"]
[Black "Piper, Stephen J"]
[Result "1/2-1/2"]
[WhiteElo "2050"]
[BlackElo "2056"]
[PlyCount "78"]
[EventDate "2016.03.19"]

1. e4 g6 2. d4 Bg7 3. Nc3 d6 4. Be3 a6 5. Qd2 Nd7 6. Nf3 b5 7. a3 Bb7 8. Bd3
Rc8 9. O-O c5 10. Rfe1 cxd4 11. Nxd4 Ne5 12. f3 Nc4 13. Bxc4 Rxc4 14. Rad1 Nf6
15. e5 dxe5 16. Ne6 Qxd2 17. Nxg7+ Kf8 18. Ne6+ fxe6 19. Rxd2 Kf7 20. Bg5 Nd5
21. Nxd5 Bxd5 22. Rxe5 Rhc8 23. c3 R8c7 24. Be3 R7c6 25. Bd4 Ra4 26. h4 a5 27.
h5 b4 28. cxb4 Rc1+ 29. Kf2 axb4 30. hxg6+ hxg6 31. axb4 Rxb4 32. Bc3 Rh4 33.
Kg3 Rc4 34. Ree2 Rh1 35. Rd4 Rxd4 36. Bxd4 Rd1 37. Bc5 Kf6 38. b4 e5 39. Re3
Rd2 1/2-1/2

[Event "4NCL 3 South pool A"]
[Site "Telford, ENG"]
[Date "2016.03.19"]
[Round "7.77"]
[White "Compton, Alistair"]
[Black "Peck, Silas"]
[Result "0-1"]
[WhiteElo "2092"]
[BlackElo "1912"]
[PlyCount "94"]
[EventDate "2016.03.19"]

1. e4 e5 2. Nc3 Nf6 3. Bc4 Bc5 4. d3 d6 5. Bg5 c6 6. Qd2 Nbd7 7. Nf3 b5 8. Bb3
Bb6 9. a3 Nc5 10. Ba2 Bg4 11. Ne2 Ne6 12. Ng3 h6 13. Be3 Nh5 14. Bxb6 axb6 15.
Bxe6 fxe6 16. Ng1 Nf4 17. f3 Bh5 18. N1e2 Nxe2 19. Nxh5 Qh4+ 20. Kxe2 Qxh5 21.
Qc3 O-O 22. Qb4 Qg5 23. Rhg1 Qe7 24. a4 bxa4 25. Rxa4 b5 26. Ra3 Ra7 27. Rga1
Rb7 28. Ra6 c5 29. Qb3 Rc8 30. Ra8 Rxa8 31. Rxa8+ Kh7 32. Qa2 Qg5 33. g3 Qh5
34. Qxe6 Rf7 35. g4 Qxh2+ 36. Kd1 Rxf3 37. Qg8+ Kg6 38. Qe8+ Kg5 39. Qe7+ Kf4
40. Rf8+ Ke3 41. Rxf3+ Kxf3 42. b3 Ke3 43. Kc1 Qg1+ 44. Kb2 Kd2 45. Qxd6 Qc1+
46. Ka2 Qxc2+ 47. Ka3 Qc3 0-1

[Event "4NCL 3 South pool A"]
[Site "Telford, ENG"]
[Date "2016.03.19"]
[Round "7.78"]
[White "Burnett, Leon P"]
[Black "Jaszkiwskyj, Peter"]
[Result "1/2-1/2"]
[WhiteElo "1952"]
[BlackElo "1982"]
[PlyCount "39"]
[EventDate "2016.03.19"]

1. e4 e6 2. d4 d5 3. exd5 exd5 4. c4 c6 5. Nc3 Nf6 6. Nf3 Be7 7. Bd3 O-O 8. h3
Nbd7 9. O-O dxc4 10. Bxc4 Nb6 11. Bd3 Re8 12. a3 Be6 13. Re1 Qd6 14. Qc2 Rad8
15. Be3 h6 16. Rad1 Nbd5 17. Bc1 Nf4 18. Bf1 N4d5 19. Ne5 Qc7 20. Na4 1/2-1/2

[Event "4NCL 3 South pool A"]
[Site "Telford, ENG"]
[Date "2016.03.19"]
[Round "7.79"]
[White "Gibson, Christopher A"]
[Black "Cocks, Elliot"]
[Result "1-0"]
[WhiteElo "1947"]
[BlackElo "1892"]
[PlyCount "43"]
[EventDate "2016.03.19"]

1. e4 d6 2. d4 Nf6 3. Nc3 Nbd7 4. f4 e5 5. Nf3 exd4 6. Qxd4 Be7 7. a4 O-O 8.
Bc4 h6 9. Bd2 Re8 10. O-O-O a6 11. e5 dxe5 12. fxe5 Nh7 13. Bxf7+ Kxf7 14. Qc4+
Kf8 15. Rhf1 Nhf6 16. exf6 Bxf6 17. Nd5 Nb6 18. Nxb6 Be6 19. Qb4+ Be7 20. Nxa8
Bxb4 21. Bxb4+ Kg8 22. Rxd8 1-0

[Event "4NCL 3 South pool A"]
[Site "Telford, ENG"]
[Date "2016.03.19"]
[Round "7.80"]
[White "Sheerin, Alex"]
[Black "Ressel, Eva"]
[Result "1/2-1/2"]
[WhiteElo "1780"]
[BlackElo "1601"]
[PlyCount "84"]
[EventDate "2016.03.19"]

1. e4 e5 2. Nf3 Nc6 3. Nc3 Bc5 4. Bb5 Nge7 5. O-O O-O 6. d3 d6 7. Na4 Nd4 8.
Nxd4 Bxd4 9. c3 c6 10. cxd4 cxb5 11. Nc3 exd4 12. Nxb5 Qb6 13. Na3 d5 14. b3
Qg6 15. Qf3 dxe4 16. dxe4 Nc6 17. Bb2 Bg4 18. Qd3 Ne5 19. Qg3 Nc6 20. f3 Bh5
21. Qxg6 Bxg6 22. Rfd1 Rad8 23. Nc2 d3 24. Ne1 f5 25. Nxd3 fxe4 26. fxe4 Bh5
27. Rd2 Rfe8 28. Bc3 Rxe4 29. Nc5 Rxd2 30. Bxd2 Re2 31. Bf4 b6 32. Nb7 Nb4 33.
a3 Nc2 34. Rf1 Bf7 35. Bd6 Re1 36. Rxe1 Nxe1 37. b4 Nc2 38. a4 a6 39. b5 axb5
40. axb5 Bc4 41. Bc7 Bxb5 42. Bxb6 Kf8 1/2-1/2

[Event "4NCL 3 South pool A"]
[Site "Telford, ENG"]
[Date "2016.03.19"]
[Round "7.85"]
[White "Ferrington, Nigel M"]
[Black "Hall, John"]
[Result "0-1"]
[WhiteElo "2267"]
[BlackElo "2179"]
[PlyCount "112"]
[EventDate "2016.03.19"]

1. c4 Nf6 2. g3 e5 3. Bg2 c6 4. d4 exd4 5. Qxd4 d5 6. Nf3 Be6 7. O-O dxc4 8.
Qxd8+ Kxd8 9. Ng5 Nbd7 10. a4 a5 11. Nd2 Ne5 12. Rd1 Ke8 13. Nde4 Nxe4 14. Bxe4
Be7 15. Nxe6 fxe6 16. Bf4 Bf6 17. Rdc1 Rd8 18. Bxe5 Bxe5 19. Rxc4 Rd2 20. Rc2
Rxc2 21. Bxc2 Ke7 22. Ra3 h6 23. Rb3 Rb8 24. Bd3 Bd4 25. Be4 Kd6 26. e3 Bf6 27.
Bd3 Kc5 28. Kf1 b5 29. Ke2 Rb6 30. Kd2 bxa4 31. Rxb6 Kxb6 32. Kc2 Kc5 33. Be4
Kb5 34. Kb1 c5 35. Bg6 Kb4 36. Ka2 c4 37. Bf7 e5 38. f4 a3 39. bxa3+ Kc3 40. a4
e4 41. Kb1 Kd3 42. Kc1 Be7 43. h4 Bc5 44. Kd1 Bxe3 45. h5 Bf2 46. g4 Bg3 47. g5
Bxf4 48. gxh6 Bxh6 49. Be6 Bg5 50. Bd5 e3 51. Bf3 Kc3 52. Be2 Be7 53. Bf1 Kb3
54. Kc1 Ba3+ 55. Kb1 c3 56. Bd3 e2 0-1

[Event "4NCL 3 South pool A"]
[Site "Telford, ENG"]
[Date "2016.03.19"]
[Round "7.86"]
[White "Birkin, Mark H"]
[Black "Rutter, Nick J"]
[Result "0-1"]
[WhiteElo "2027"]
[BlackElo "2290"]
[PlyCount "128"]
[EventDate "2016.03.19"]

1. e4 c5 2. Nf3 Nc6 3. d3 d6 4. g3 g6 5. Bg2 Bg7 6. O-O Bg4 7. h3 Bd7 8. c3 e5
9. a3 a5 10. a4 Nge7 11. Na3 O-O 12. Re1 Kh8 13. Nc4 Be6 14. Ng5 d5 15. Ne3 Qd7
16. exd5 Bxd5 17. Ne4 b6 18. Nxd5 Nxd5 19. Qb3 Rad8 20. Nd2 Nce7 21. Nc4 Qc7
22. Bd2 Rd7 23. Rad1 Rfd8 24. Bc1 Nc8 25. Kh2 f6 26. h4 Nde7 27. Qc2 Nd6 28.
Nxd6 Qxd6 29. Qe2 Nf5 30. Qe4 Qc7 31. Bh3 Nd6 32. Qe2 f5 33. Bg5 Re8 34. d4 Ne4
35. dxe5 Rxd1 36. Rxd1 Bxe5 37. Qf3 Qf7 38. Bf4 Bf6 39. Re1 Qc4 40. Qg2 Qxa4
41. Qf1 Bg7 42. Bg2 Qd7 43. Re2 b5 44. f3 Nf6 45. Rd2 Qb7 46. Qd3 c4 47. Qd6 b4
48. Qc5 bxc3 49. bxc3 Nh5 50. Bd6 Bxc3 51. Rc2 Qb3 52. Re2 Qa4 53. Rxe8+ Qxe8
54. Qxc4 Bg7 55. Bf1 h6 56. Bc7 a4 57. Bd6 Kh7 58. Qa2 Qe1 59. Bg2 f4 60. Qxa4
Qxg3+ 61. Kg1 Qe1+ 62. Kh2 Qxh4+ 63. Kg1 Ng3 64. Qc4 Bd4+ 0-1

[Event "4NCL 3 South pool A"]
[Site "Telford, ENG"]
[Date "2016.03.19"]
[Round "7.87"]
[White "Whyte, Brian G"]
[Black "Mossong, Hubert"]
[Result "0-1"]
[WhiteElo "2080"]
[BlackElo "2018"]
[PlyCount "152"]
[EventDate "2016.03.19"]

1. e4 d6 2. d4 Nf6 3. Nc3 c6 4. Nf3 Bg4 5. Be2 e6 6. h3 Bh5 7. Be3 d5 8. exd5
Bxf3 9. Bxf3 cxd5 10. O-O Nbd7 11. Bf4 Be7 12. Ne2 Nb6 13. Nc1 Bd6 14. Bxd6
Qxd6 15. Nd3 Nfd7 16. c3 O-O 17. a4 a5 18. Qe2 Qc6 19. Rfc1 Qc4 20. Nf4 Rfc8
21. Qxc4 Rxc4 22. b3 Rc7 23. Rc2 Rac8 24. Rac1 Kf8 25. h4 Ke7 26. g3 Kd6 27.
Nd3 f6 28. Nb2 e5 29. dxe5+ fxe5 30. Bg4 d4 31. c4 Re8 32. Rd2 Nc5 33. Bd1 Ne6
34. Bc2 g6 35. Re1 Nd7 36. f3 Rf8 37. Kg2 Rf6 38. Rf2 Nec5 39. Rd2 Ne6 40. Rde2
Rc8 41. Nd3 Nd8 42. Nxe5 Nxe5 43. Rxe5 Nc6 44. Rd5+ Kc7 45. Be4 Rd6 46. Rd1
Rcd8 47. Kf2 b6 48. Ke2 Nb4 49. Re5 Na6 50. Re7+ R8d7 51. Rxd7+ Rxd7 52. Kd2
Kd6 53. h5 Kc5 54. h6 Kb4 55. Kc2 Nc5 56. g4 g5 57. Bd5 d3+ 58. Kd2 Rd6 59. Rh1
Kxb3 60. Rh5 Kxa4 61. Rh1 Kb3 62. f4 gxf4 63. g5 Rg6 64. Rg1 f3 65. Bxf3 Kxc4
66. Bh5 Rxg5 67. Bf7+ Kd4 68. Rh1 Ne4+ 69. Kc1 Rg2 70. Bb3 b5 71. Bd1 a4 72.
Bh5 Ng3 73. Rh4+ Kc3 74. Kb1 Nxh5 75. Rxh5 Rg1+ 76. Ka2 d2 0-1

[Event "4NCL 3 South pool A"]
[Site "Telford, ENG"]
[Date "2016.03.19"]
[Round "7.88"]
[White "Deighton, Simon"]
[Black "Gostelow, David W"]
[Result "1/2-1/2"]
[WhiteElo "1997"]
[BlackElo "2050"]
[PlyCount "33"]
[EventDate "2016.03.19"]

1. d4 d5 2. c4 c6 3. Nf3 Nf6 4. Nc3 e6 5. Bg5 Nbd7 6. e3 h6 7. Bh4 Be7 8. Bd3
dxc4 9. Bxc4 b5 10. Bd3 a6 11. O-O O-O 12. Rc1 Bb7 13. Qe2 c5 14. dxc5 Nxc5 15.
Bb1 Rc8 16. a3 Nd5 17. Bxe7 1/2-1/2

[Event "4NCL 3 South pool A"]
[Site "Telford, ENG"]
[Date "2016.03.19"]
[Round "7.89"]
[White "Bryant, Richard B E"]
[Black "Clark, William G Bill"]
[Result "1/2-1/2"]
[WhiteElo "2057"]
[BlackElo "1930"]
[PlyCount "104"]
[EventDate "2016.03.19"]

1. e4 c5 2. Nc3 Nc6 3. g3 g6 4. Bg2 Bg7 5. d3 e6 6. Nh3 Nge7 7. O-O O-O 8. Be3
b6 9. Qd2 d5 10. Bh6 d4 11. Bxg7 Kxg7 12. Ne2 e5 13. f4 f6 14. fxe5 fxe5 15.
Rxf8 Qxf8 16. Rf1 Qe8 17. Ng5 Nd8 18. Kh1 h6 19. Nh3 Ng8 20. Nf2 Nf6 21. h3 Be6
22. g4 Nf7 23. Ng3 Qe7 24. Bf3 Rf8 25. Rg1 Kh7 26. Kg2 Bc8 27. Rh1 Ng5 28. Bd1
Ne6 29. h4 Nf4+ 30. Kg1 Kg7 31. Bf3 Ne8 32. Bd1 Qf7 33. Rh2 Qxa2 34. b3 Nd6 35.
Ne2 Nb5 36. Nxf4 Rxf4 37. Nh3 Rf7 38. Rf2 Rxf2 39. Nxf2 Nc3 40. Bf3 Qa1+ 41.
Kg2 b5 42. Nh1 Qa5 43. Qf2 Qd8 44. Qg3 Qe7 45. g5 h5 46. Qe1 a5 47. Qa1 a4 48.
bxa4 bxa4 49. Qa3 Qa7 50. Ng3 Qa5 51. Bxh5 Qb4 52. Qc1 Qb7 1/2-1/2

[Event "4NCL 3 South pool A"]
[Site "Telford, ENG"]
[Date "2016.03.19"]
[Round "7.90"]
[White "Harvey, John"]
[Black "Paul, Nathanael"]
[Result "0-1"]
[WhiteElo "1817"]
[BlackElo "2027"]
[PlyCount "78"]
[EventDate "2016.03.19"]

1. e4 c6 2. d4 d5 3. Nc3 dxe4 4. Nxe4 Bf5 5. Ng3 Bg6 6. h4 h6 7. h5 Bh7 8. Nf3
Nd7 9. Bd3 Bxd3 10. Qxd3 e6 11. Bf4 Be7 12. O-O Ngf6 13. Rad1 O-O 14. Rfe1 Re8
15. a3 c5 16. Ne5 cxd4 17. Qxd4 Nxe5 18. Qxe5 Qb6 19. Bc1 Bc5 20. Qe2 Rad8 21.
b4 Bd4 22. Rd3 Nd5 23. Ne4 f5 24. Ng3 Rc8 25. Kf1 Nf6 26. Red1 Bc3 27. Rd6 Rc6
28. Be3 Qc7 29. Rxc6 bxc6 30. Qc4 Nd5 31. Nxf5 Qh2 32. Qh4 Nxe3+ 33. fxe3 Qe5
34. Ne7+ Kh7 35. Ng6 Qxe3 36. Qf2 Qg5 37. Qf7 Qxh5 38. Nf8+ Rxf8 39. Qxf8 Qxd1+
0-1

[Event "4NCL 3 South pool A"]
[Site "Telford, ENG"]
[Date "2016.03.19"]
[Round "7.65"]
[White "Rudd, Jack"]
[Black "Cooper, Lawrence H"]
[Result "1/2-1/2"]
[WhiteElo "2257"]
[BlackElo "2337"]
[PlyCount "22"]
[EventDate "2016.03.19"]
[WhiteTeam "West is Best 1"]
[BlackTeam "Midland Monarchs 1"]

1. d4 d5 2. c4 c6 3. Nf3 Nf6 4. Nc3 a6 5. b3 Bf5 6. e3 e6 7. a3 Nbd7 8. Be2 Ne4
9. Nxe4 Bxe4 10. O-O Bd6 11. Bb2 Qc7 1/2-1/2